000 00751nam a2200289Ia 4500
005 20260324113040.0
008 008 260324s9999 xx 000 0 eng d
020 _a9781003362975
037 _aEBOOK
040 _aCRL
040 _beng
040 _cCRL
041 _2eng
041 _aeng
084 _qCRL
100 _aOsikemekha A. Anani; Maulin P. Shah
_91145210
245 0 _aEmergent Pollutants in Freshwater Plankton Communities
245 0 _bEcological Effects and Sustainable Mitigation Strategies
260 _bTaylor and Francis
260 _c2024
365 _a
365 _b195
856 _uhttp://www.taylorfrancis.com/books/9781003362975
942 _cEBOOK
999 _c1734654
_d1734654